00807cam a2200205 a 4500020002800000040000800028082002600036100002000062245010600082250001200188260003500200300002500235650002800260650003800288856006200326856005400388942000700442999001700449952013500466 a0072320737 (alk. paper) cDLC00a370 MCG 2000 A021 Or.1 aSpring, Joel H.14aThe intersection of cultures :bmulticultural education in the United States and the global economy / a2nd ed. aBoston :bMcGraw-Hill,cc2000. axi, 228 p. ;c24 cm. 0aMulticultural education 0aInternational economic relations.42uhttp://www.loc.gov/catdir/description/mh023/99018623.html41uhttp://www.loc.gov/catdir/toc/mh023/99018623.html cEK c12610d12610 0010406370_000000000000000_MCG_2000_A066_OR70962559aLBAbLBAcA066d2017-08-15o370 MCG 2000 A066 Or.pA16124r2017-08-15yEK